MARC

LEADER 00000nam0a2200000 4500
001 278264
005 20231101235109.0
035 |a (RuTPU)RU\TPU\book\301541 
090 |a 278264 
100 |a 20141210d1978 km y0rusy50 ca 
101 0 |a rus 
102 |a RU 
105 |a a z 001zy 
200 1 |a Импульсная сейсмическая голография  |f Ю. В. Тимошин 
210 |a Москва  |c Недра  |d 1978 
215 |a 287 с.  |c ил. 
320 |a Библиогр.: с. 279-283. 
606 1 |a Сейсмическая разведка  |2 stltpush  |3 (RuTPU)RU\TPU\subj\54338  |9 72495 
610 1 |a сейсмические волновые поля 
610 1 |a свойства 
610 1 |a неоднородные среды 
610 1 |a годографы 
610 1 |a дифракционные явления 
610 1 |a принцип Гюйгенса-Френеля 
610 1 |a дифракция 
610 1 |a сейсмическая голография 
610 1 |a адаптивные системы 
610 1 |a волновые поля 
610 1 |a изображения 
610 1 |a алгоритмы 
610 1 |a методика 
675 |a 550.834  |v 3 
700 1 |a Тимошин  |b Ю. В.  |g Юрий Васильевич 
801 1 |a RU  |b 63413507  |c 20141210 
801 2 |a RU  |b 63413507  |c 20190729  |g RCR 
942 |c BK